Areas prioritarias para la conservación de la biodiversidad en el Ecuador continental : (Registro nro. 2021)

Detalles MARC
000 -CABECERA
Campo de control 01190cam a22003014i 4500
005 - FECHA Y HORA DE LA ULTIMA TRANSACCION
Campo de control 20200104041526.0
008 - ELEMENTOS DE LONGITUD FIJA—INFORMACION GENERAL
Campo de control 000118s1999 ec b b 000 0 spa
020 ## - ISBN
ISBN 9978408983
040 ## - FUENTE DE CATALOGACIÓN
Agencia catalogadora original DLC
Agencia transcriptora DLC
Agencia Modificadora CO-BoIAVH
041 ## - IDIOMA
Código de idioma para texto/pista de sonido o título separado Español
042 ## - AUTHENTICATION CODE
Authentication code pcc
043 ## - GEOGRAPHIC AREA CODE
Geographic area code s-ec---
044 ## - PAÍS DE PUBLICACIÓN
País de publicación Ecuador
082 04 - NUMERO DE CLASIFICACION DECIMAL DEWEY
Número de clasificación 333.95
Número del ítem S57a
100 1# - ASIENTO PRINCIPAL--NOMBRE PERSONAL
Nombre personal Sierra M., Rodrigo,
Fechas asociadas con el nombre 1959-
9 (RLIN) 50162
245 10 - MENCION DE TITULO
Título Areas prioritarias para la conservación de la biodiversidad en el Ecuador continental :
Parte restante del título un estudio basado en la biodiversidad de ecosistemas y su ornitofauna /
Mención de responsabilidad Rodrigo Sierra, Felipe Campos y Jordan Chamberlin.
260 ## - PUBLICACION, DISTRIBUCION, ETC. (PIE DE IMPRENTA)
Lugar de publicación, distribución, etc. [Quito, Ecuador] :
Nombre del editor, distribuidor, etc. Ministerio de Medio Ambiente,
Fecha de publicación, distribución, etc. 1999.
300 ## - DESCRIPCION FISICA
Extensión vii, 171 p. :
Otros detalles físicos col. maps ;
Dimensiones 21 cm.
650 14 - ASIENTO SECUNDARIO DE MATERIA - TERMINO TEMATICO
Término temático o nombre geográfico como elemento de entrada Diversidad biológica
Subdivisión geográfica Ecuador.
9 (RLIN) 50163
650 24 - ASIENTO SECUNDARIO DE MATERIA - TERMINO TEMATICO
Término temático o nombre geográfico como elemento de entrada Conservación biológica
Subdivisión geográfica Ecuador.
9 (RLIN) 50164
650 24 - ASIENTO SECUNDARIO DE MATERIA - TERMINO TEMATICO
Término temático o nombre geográfico como elemento de entrada Conservación de especies
Subdivisión geográfica Ecuador.
9 (RLIN) 50165
650 24 - ASIENTO SECUNDARIO DE MATERIA - TERMINO TEMATICO
Término temático o nombre geográfico como elemento de entrada Áreas de conservación de recursos naturales
9 (RLIN) 50166
650 24 - ASIENTO SECUNDARIO DE MATERIA - TERMINO TEMATICO
Término temático o nombre geográfico como elemento de entrada Áreas protegidas
9 (RLIN) 78
650 24 - ASIENTO SECUNDARIO DE MATERIA - TERMINO TEMATICO
Término temático o nombre geográfico como elemento de entrada Zoología
Subdivisión general Conservación de especies
Subdivisión geográfica Ecuador
9 (RLIN) 50168
700 1# - ASIENTO SECUNDARIO - NOMBRE PERSONAL
Nombre personal Campos, Felipe,
Término de relación autor.
9 (RLIN) 14159
700 1# - ASIENTO SECUNDARIO - NOMBRE PERSONAL
Nombre personal Chamberlin, Jordan,
Término de relación autor.
9 (RLIN) 14158
942 ## - ELEMENTOS ADICIONALES (KOHA)
Sistema de clasificación Dewey Decimal Classification
Tipo de ítem Libro
Existencias
Withdrawn status Lost status Sistema de Clasificación Damaged status No para préstamo Colección Inventariado Ubicación Permanente Ubicación actual Fecha de adquisición Fuente de Valor Valor Total Checkouts Número topográfico Inventario / Código de Barras Date last seen Ejemplar Price effective from Forma de adquisición Tipo de material
    Dewey Decimal Classification     General Inventariado 2017 Bogotá Bogotá 29/01/2001 Quiceno, María Paula 39000.00   LB-333.95 S57a 002507 04/12/2012 Ej. 1 04/12/2012   Libro